<?xml version="1.0" encoding="UTF-8"?>
<record
    xmlns:xsi="http://www.w3.org/2001/XMLSchema-instance"
    xsi:schemaLocation="http://www.loc.gov/MARC21/slim http://www.loc.gov/standards/marcxml/schema/MARC21slim.xsd"
    xmlns="http://www.loc.gov/MARC21/slim">

  <leader>02114nam a22002297a 4500</leader>
  <controlfield tag="005">20250609150149.0</controlfield>
  <controlfield tag="008">241126b           ||||| |||| 00| 0 eng d</controlfield>
  <datafield tag="020" ind1=" " ind2=" ">
    <subfield code="a">9789353433055</subfield>
  </datafield>
  <datafield tag="040" ind1=" " ind2=" ">
    <subfield code="c">AL</subfield>
  </datafield>
  <datafield tag="041" ind1=" " ind2=" ">
    <subfield code="a">English</subfield>
  </datafield>
  <datafield tag="082" ind1=" " ind2=" ">
    <subfield code="2">23</subfield>
    <subfield code="a">511</subfield>
    <subfield code="b">GRID</subfield>
  </datafield>
  <datafield tag="100" ind1=" " ind2=" ">
    <subfield code="a">Ralph P Grimaldi</subfield>
    <subfield code="9">213534</subfield>
  </datafield>
  <datafield tag="245" ind1=" " ind2=" ">
    <subfield code="a">Discrete and combinatorial Mathematics: An applied introduction Ed 5</subfield>
  </datafield>
  <datafield tag="250" ind1=" " ind2=" ">
    <subfield code="a">5</subfield>
  </datafield>
  <datafield tag="260" ind1=" " ind2=" ">
    <subfield code="a">Uttar Pradesh</subfield>
    <subfield code="b">Pearson India education services Pvt Ltd</subfield>
    <subfield code="c">2024</subfield>
  </datafield>
  <datafield tag="300" ind1=" " ind2=" ">
    <subfield code="a">1008 p.</subfield>
    <subfield code="b">PB</subfield>
    <subfield code="c">25x20 cm.</subfield>
  </datafield>
  <datafield tag="365" ind1=" " ind2=" ">
    <subfield code="a">IN-11766</subfield>
    <subfield code="c">&#x20B9;</subfield>
    <subfield code="d">&#x20B9;1310.00</subfield>
    <subfield code="e">0%</subfield>
    <subfield code="f">14-11-2024</subfield>
  </datafield>
  <datafield tag="520" ind1=" " ind2=" ">
    <subfield code="a">This fifth edition continues to improve on the features that have made it the market leader. The text offers a flexible organization, enabling instructors to adapt the book to their particular courses. The book is both complete and careful, and it continues to maintain its emphasis on algorithms and applications. Excellent exercise sets allow students to perfect skills as they practice. This new edition continues to feature numerous computer science applications&#x2014;making this the ideal text for preparing students for advanced study

Table of Contents: PART 1) FUNDAMENTALS OF DISCRETE MATHEMATICS Chapter 1: Fundamental Principles of Counting Chapter 2: Fundamentals of Logic Chapter 3: Set Theory Chapter 4: Properties of the Integers - Mathematical Induction Chapter 5: Relations and Functions Chapter 6: Languages - Finite State Machines Chapter 7: Relations - The Second Time Around PART 2) FURTHER TOPICS IN ENUMERATION Chapter 8: The Principle of Inclusion and Exclusion Chapter 9: Generating Functions Chapter 10: Recurrence Relations PART 3) GRAPH THEORY AND APPLICATIONS Chapter 11: An Introduction to Graph Theory Chapter 12: Trees Chapter 13: Optimization and Matching PART 4) MODERN APPLIED ALGEBRA Chapter 14: Rings and Modular Arithmetic Chapter 15: Boolean Algebra and Switching Functions Chapter 16: Groups, Coding Theory, and Polya's Theory of Enumeration Chapter 17: Finite Fields and Combinatorial Designs</subfield>
  </datafield>
  <datafield tag="650" ind1=" " ind2=" ">
    <subfield code="a">Mathematics</subfield>
    <subfield code="9">186518</subfield>
  </datafield>
  <datafield tag="700" ind1=" " ind2=" ">
    <subfield code="a">GRIMALDI (Ralph P)</subfield>
    <subfield code="9">186519</subfield>
  </datafield>
  <datafield tag="942" ind1=" " ind2=" ">
    <subfield code="2">ddc</subfield>
    <subfield code="c">REF</subfield>
  </datafield>
  <datafield tag="999" ind1=" " ind2=" ">
    <subfield code="c">231993</subfield>
    <subfield code="d">231993</subfield>
  </datafield>
  <datafield tag="952" ind1=" " ind2=" ">
    <subfield code="0">0</subfield>
    <subfield code="1">0</subfield>
    <subfield code="2">ddc</subfield>
    <subfield code="4">0</subfield>
    <subfield code="7">0</subfield>
    <subfield code="8">MAT</subfield>
    <subfield code="a">AL</subfield>
    <subfield code="b">AL</subfield>
    <subfield code="d">2024-11-20</subfield>
    <subfield code="e">amazon.in</subfield>
    <subfield code="g">1310.00</subfield>
    <subfield code="l">1</subfield>
    <subfield code="o">511 GRID</subfield>
    <subfield code="p">077413</subfield>
    <subfield code="r">2025-04-28 12:09:59</subfield>
    <subfield code="s">2025-01-04</subfield>
    <subfield code="v">1310.00</subfield>
    <subfield code="w">2024-11-26</subfield>
    <subfield code="y">BK</subfield>
  </datafield>
  <datafield tag="952" ind1=" " ind2=" ">
    <subfield code="0">0</subfield>
    <subfield code="1">0</subfield>
    <subfield code="2">ddc</subfield>
    <subfield code="4">0</subfield>
    <subfield code="7">3</subfield>
    <subfield code="8">MAT</subfield>
    <subfield code="a">AL</subfield>
    <subfield code="b">AL</subfield>
    <subfield code="c">RS</subfield>
    <subfield code="d">2025-01-04</subfield>
    <subfield code="e">amazon.in</subfield>
    <subfield code="g">920.00</subfield>
    <subfield code="l">0</subfield>
    <subfield code="o">511 GRID</subfield>
    <subfield code="p">077479</subfield>
    <subfield code="r">2025-01-06 00:00:00</subfield>
    <subfield code="v">1030.00</subfield>
    <subfield code="w">2025-01-06</subfield>
    <subfield code="y">REF</subfield>
  </datafield>
</record>
